[Event "Litomysl"]
[Site "?"]
[Date "2018.01.30"]
[Round "4.21"]
[White "Vsetulova, Viktorie"]
[Black "Huskova, Agata"]
[Result "1/2-1/2"]
[WhiteElo "1520"]
[BlackElo "1408"]
[PlyCount "155"]
[EventDate "2018.??.??"]

1. e4 e5 2. Nf3 Nf6 3. Nc3 Bb4 4. Nxe5 O-O 5. d3 Re8 6. Nf3 d5 7. Be2 dxe4 8.
dxe4 Qxd1+ 9. Bxd1 Nxe4 10. O-O Nxc3 11. bxc3 Bxc3 12. Rb1 Nc6 13. Bf4 Ba5 14.
c4 Re4 15. Bg3 Rxc4 16. Bb3 Re4 17. Bxf7+ Kf8 18. Bd5 Re2 19. Rb5 Bb6 20. Bb3
h6 21. Rd1 Bg4 22. Nd2 Nd4 23. Rb4 Nxb3 24. axb3 Be6 25. Nf3 c6 26. Ne5 Rd8 27.
Rc1 Rdd2 28. Rf4+ Kg8 29. Rf3 Bd5 30. Rf5 Bxb3 31. h3 Rd1+ 32. Rxd1 Bxd1 33.
Nd7 Re1+ 34. Kh2 Re8 35. Be5 Bc2 36. Rf3 Be4 37. Rg3 Re7 38. Nf6+ Kf7 39. Nxe4
Rxe5 40. Nd6+ Kg8 41. Nxb7 Bxf2 42. Rf3 Bb6 43. Rc3 Re6 44. Rc4 Kf7 45. Kg3 Ke7
46. Kf4 g6 47. g4 Kd7 48. h4 Kc7 49. Nc5 Bxc5 50. Rxc5 Kb6 51. Rc2 c5 52. h5
gxh5 53. gxh5 Kb5 54. Kf5 Rd6 55. Ke5 Rc6 56. Kd5 Rc8 57. Rb2+ Ka4 58. Kc4 Ka3
59. Rb5 Rc6 60. Rxc5 Rxc5+ 61. Kxc5 a5 62. Kc4 a4 63. Kc3 Ka2 64. Kc2 a3 65.
Kc1 Kb3 66. Kb1 Kc3 67. Ka2 Kd3 68. Kxa3 Ke3 69. Kb3 Kf3 70. Kc3 Kg4 71. Kd3
Kxh5 72. Ke3 Kg4 73. Kf2 Kh3 74. Kg1 h5 75. Kh1 h4 76. Kg1 Kg3 77. Kh1 h3 78.
Kg1 1/2-1/2

[Event "Litomysl"]
[Site "?"]
[Date "2018.01.30"]
[Round "4.22"]
[White "Brozka, Karel"]
[Black "Dolensky, Filip"]
[Result "1-0"]
[WhiteElo "1704"]
[BlackElo "1561"]
[PlyCount "45"]
[EventDate "2018.??.??"]

1. d4 Nf6 2. Nf3 g6 3. Bg5 Bg7 4. e3 O-O 5. Nbd2 d6 6. Bd3 c6 7. c3 Nbd7 8. Qc2
Qc7 9. h4 Re8 10. O-O-O e5 11. h5 gxh5 12. Ne4 Nxe4 13. Bxe4 h6 14. Bxh6 Bxh6
15. Rxh5 Bg7 16. Rdh1 Nf6 17. Rg5 Nxe4 18. Qxe4 f5 19. Qh4 Kf8 20. Qh7 Re7 21.
Nh4 Rf7 22. Ng6+ Ke8 23. Qg8+ 1-0

[Event "Litomysl"]
[Site "?"]
[Date "2018.01.30"]
[Round "4.23"]
[White "Fizer, Marek"]
[Black "Smolik, Jachym"]
[Result "1-0"]
[WhiteElo "1501"]
[BlackElo "1605"]
[PlyCount "57"]
[EventDate "2018.??.??"]

1. e4 c5 2. Nf3 e6 3. d4 cxd4 4. Nxd4 a6 5. Nc3 Qc7 6. g3 b5 7. Bg2 Bb7 8. O-O
Nc6 9. Re1 d6 10. a4 b4 11. Nd5 exd5 12. Nxc6 Be7 13. exd5 Bxc6 14. dxc6 Nf6
15. Be3 a5 16. Qd4 O-O 17. Qb6 Bd8 18. Qb7 Ng4 19. Qxa8 Nxe3 20. Rxe3 Qb6 21.
Rae1 h6 22. Re8 g6 23. Qb7 Qc5 24. Qc8 Bb6 25. Rxf8+ Kg7 26. Rg8+ Kf6 27. Re3
Kg5 28. h4+ Kf6 29. Rf3+ 1-0

[Event "Litomysl"]
[Site "?"]
[Date "2018.01.30"]
[Round "4.24"]
[White "Janous, Marek"]
[Black "Simek, Viktor"]
[Result "0-1"]
[WhiteElo "1560"]
[BlackElo "1528"]
[PlyCount "122"]
[EventDate "2018.??.??"]

1. e4 e5 2. Nf3 Nc6 3. d4 exd4 4. Bc4 Bc5 5. c3 Nf6 6. cxd4 Bb4+ 7. Nc3 Nxe4 8.
O-O Nxc3 9. bxc3 Be7 10. Re1 d5 11. Bb5 O-O 12. Bf4 Be6 13. Ne5 Nxe5 14. Bxe5
c6 15. Bd3 Bf6 16. Bc2 g6 17. Bb3 Bg7 18. Qd2 Qd7 19. Qe3 Bf5 20. Bxg7 Kxg7 21.
Qe5+ Kg8 22. Qe7 Rfe8 23. Qxd7 Bxd7 24. f3 Kf8 25. Kf2 Re6 26. Re3 Rae8 27.
Rae1 Ke7 28. h4 Kd6 29. Rxe6+ Rxe6 30. Rxe6+ Bxe6 31. Ke3 c5 32. Ba4 a6 33. Kf4
b5 34. Bc2 h6 35. Ke3 a5 36. a3 b4 37. dxc5+ Kxc5 38. cxb4+ axb4 39. axb4+ Kxb4
40. Kd4 Kb5 41. Bd3+ Kb4 42. f4 Kb3 43. Be2 Kc2 44. h5 gxh5 45. Bxh5 Kd2 46. g4
f6 47. f5 Bg8 48. Bg6 Ke2 49. Bh5 Kf2 50. Kd3 Kg3 51. Ke3 Kh4 52. Kf4 Kh3 53.
Kf3 Kh4 54. Kf4 d4 55. Ke4 Bc4 56. Kf3 Bb3 57. Ke2 Bc2 58. Kf3 Bd1+ 59. Kf4 d3
60. Bf7 Bxg4 61. Ke3 Bxf5 0-1

[Event "Litomysl"]
[Site "?"]
[Date "2018.01.30"]
[Round "4.25"]
[White "Werner, Hong Quan Dan"]
[Black "Winter, Ondrej"]
[Result "0-1"]
[WhiteElo "1504"]
[BlackElo "1483"]
[PlyCount "80"]
[EventDate "2018.??.??"]

1. e4 c5 2. Nf3 d6 3. d4 cxd4 4. Nxd4 Nf6 5. Nc3 Nc6 6. Be3 e5 7. Nb3 Be6 8. f3
d5 9. exd5 Nxd5 10. Nxd5 Qxd5 11. Qxd5 Bxd5 12. O-O-O O-O-O 13. Bb5 a6 14. Bf2
axb5 15. Bb6 Rd7 16. Rd2 Bxb3 17. Rxd7 Kxd7 18. Rd1+ Ke6 19. axb3 Be7 20. g4
Bg5+ 21. Kb1 Bd8 22. Bc5 Bc7 23. c4 bxc4 24. bxc4 Rd8 25. Re1 Rd2 26. h4 g6 27.
b4 b6 28. Be3 Rh2 29. b5 Nb4 30. Rc1 Nd3 31. Rc3 Nc5 32. Bxc5 bxc5 33. Ra3 Rd2
34. Kc1 Rd4 35. Ra4 f5 36. Kb2 fxg4 37. fxg4 e4 38. Ra7 e3 39. Rxc7 e2 40. Rc8
Kd7 0-1

[Event "Litomysl"]
[Site "?"]
[Date "2018.01.30"]
[Round "4.26"]
[White "Simunek, Jakub Simon"]
[Black "Lang, Simon"]
[Result "1-0"]
[WhiteElo "1513"]
[BlackElo "1415"]
[PlyCount "43"]
[EventDate "2018.??.??"]

1. d4 d5 2. c4 e6 3. Nc3 Nf6 4. cxd5 exd5 5. Bg5 Be7 6. e3 O-O 7. Bd3 Nc6 8. a3
Re8 9. Qc2 Ne4 10. Bxe7 Rxe7 11. Nxe4 dxe4 12. Bxe4 Nxd4 13. O-O-O c5 14. exd4
cxd4 15. Nf3 Bd7 16. Rxd4 b5 17. Bxa8 Qxa8 18. Rhd1 Qe8 19. Ne5 g6 20. Nxd7 Kg7
21. Qc3 Kh6 22. Rh4+ {a6} 1-0

[Event "Litomysl"]
[Site "?"]
[Date "2018.01.30"]
[Round "4.27"]
[White "Nguyen, Thai Dang Vi"]
[Black "Kodet, Jaromir"]
[Result "1-0"]
[WhiteElo "1292"]
[BlackElo "1268"]
[PlyCount "109"]
[EventDate "2018.??.??"]

1. e4 c6 2. d4 d5 3. e5 c5 4. c3 Nc6 5. Nf3 Bg4 6. Be2 e6 7. O-O Nge7 8. Bg5
Qc7 9. Nbd2 Nf5 10. h3 Bxf3 11. Nxf3 Be7 12. Bxe7 Qxe7 13. Rc1 O-O 14. Bd3 Nh4
15. Nxh4 Qxh4 16. dxc5 Nxe5 17. Qe2 Nd7 18. b4 a5 19. Qb2 Ne5 20. Be2 a4 21. a3
Nc4 22. Qa2 Qg5 23. Bxc4 dxc4 24. Qxc4 Rfc8 25. Qe4 Qe7 26. Rcd1 Rd8 27. Qc2 h6
28. Rxd8+ Qxd8 29. Rd1 Qe7 30. Qd2 Qf6 31. Qd4 Qf5 32. Qd3 Qf6 33. Qd2 Kh8 34.
c4 Qh4 35. Qd4 Qh5 36. Re1 Qg5 37. Qd7 Rd8 38. Qxa4 Qd2 39. Rf1 Qd3 40. b5 Qd4
41. Qb4 Rc8 42. c6 bxc6 43. b6 Rb8 44. b7 Qd7 45. Rb1 Kg8 46. a4 Qc7 47. a5
Rxb7 48. Qxb7 Qxa5 49. Qxc6 Qa2 50. Qb5 h5 51. c5 h4 52. c6 e5 53. c7 Kh7 54.
c8=Q e4 55. Qh5# 1-0

[Event "Litomysl"]
[Site "?"]
[Date "2018.01.30"]
[Round "4.28"]
[White "Mohapl, Tomas"]
[Black "Hladky, Tadeas"]
[Result "0-1"]
[WhiteElo "1446"]
[BlackElo "1627"]
[PlyCount "90"]
[EventDate "2018.??.??"]

1. e4 e5 2. d4 exd4 3. Qxd4 Nc6 4. Qe3 b6 5. Nc3 Bb7 6. Bd2 Bc5 7. Qg3 g6 8.
O-O-O Bd6 9. Bf4 Bxf4+ 10. Qxf4 d6 11. Nf3 Qf6 12. Qe3 O-O-O 13. Nd5 Qg7 14.
Kb1 Nge7 15. Bc4 Nxd5 16. Bxd5 Rhe8 17. c4 Ne5 18. Nd4 Kb8 19. f4 c6 20. fxe5
cxd5 21. cxd5 Qxe5 22. Rhe1 Bxd5 23. Qc3 Bb7 24. g3 Bxe4+ 25. Ka1 Qc5 26. Qxc5
bxc5 27. Rxe4 Rxe4 28. Nc6+ Kc7 29. Nxd8 Kxd8 30. Rxd6+ Ke7 31. Rd1 Re2 32. Rh1
Ke6 33. Kb1 f5 34. Rc1 Rxh2 35. Rxc5 Kd6 36. Ra5 Rg2 37. Rxa7 Rxg3 38. Rxh7 f4
39. Rh1 f3 40. Rf1 Kd5 41. Kc1 Ke4 42. a4 Kd3 43. a5 f2 44. Rd1+ Kc4 45. Kc2
Rg1 0-1

[Event "Litomysl"]
[Site "?"]
[Date "2018.01.31"]
[Round "5.1"]
[White "Stinka, Jakub"]
[Black "Mladek, Richard"]
[Result "0-1"]
[WhiteElo "2050"]
[BlackElo "2091"]
[PlyCount "66"]
[EventDate "2018.??.??"]

1. d4 Nf6 2. Nf3 c5 3. d5 d6 4. Nc3 g6 5. e4 Bg7 6. Be2 O-O 7. O-O Na6 8. Bf4
Nc7 9. a4 b6 10. a5 bxa5 11. Nd2 Rb8 12. Nc4 Ba6 13. Nxa5 Bxe2 14. Qxe2 Rxb2
15. Nc6 Qd7 16. Rxa7 Nh5 17. Bd2 Rxc2 18. Qd3 Rb2 19. Nb5 c4 20. Qxc4 Rxd2 21.
Rxc7 Qg4 22. h3 Qg5 23. Nxe7+ Kh8 24. Nxd6 Be5 25. Nxf7+ Rxf7 26. Rc8+ Kg7 27.
Rg8+ Kh6 28. Nf5+ Rxf5 29. exf5 Nf4 30. g3 Nxh3+ 31. Kh1 Nxf2+ 32. Rxf2 Rd1+
33. Rf1 Qxg3 0-1

[Event "Litomysl"]
[Site "?"]
[Date "2018.01.31"]
[Round "5.2"]
[White "Eret, Matous"]
[Black "Sykora, Marek"]
[Result "0-1"]
[WhiteElo "2177"]
[BlackElo "1847"]
[PlyCount "58"]
[EventDate "2018.??.??"]

1. e4 e5 2. Nc3 Nf6 3. f4 d5 4. fxe5 Nxe4 5. Nf3 Nxc3 6. dxc3 Be7 7. Bf4 c5 8.
Bd3 Be6 9. Qd2 h6 10. O-O Nc6 11. a3 g5 12. Bg3 g4 13. Ne1 Bg5 14. Qe2 Qb6 15.
c4 Nd4 16. Qd1 dxc4 17. Be4 O-O-O 18. Qb1 Ne2+ 19. Kh1 Nxg3+ 20. hxg3 Qc7 21.
c3 Qxe5 22. Bf5 Qxg3 23. Bxe6+ fxe6 24. Qe4 Rhf8 25. Nc2 Bf4 26. Rxf4 Rxf4 27.
Qxe6+ Kb8 28. Qe7 Rdf8 29. Ne3 R4f7 0-1

[Event "Litomysl"]
[Site "?"]
[Date "2018.01.31"]
[Round "5.3"]
[White "Svanda, Ondrej"]
[Black "Petr, Jakub"]
[Result "0-1"]
[WhiteElo "2071"]
[BlackElo "2122"]
[PlyCount "44"]
[EventDate "2018.??.??"]

1. e4 c5 2. c4 Nc6 3. Nc3 Nf6 4. g3 e6 5. Bg2 d5 6. exd5 exd5 7. Nxd5 Nxd5 8.
Bxd5 Nb4 9. Be4 Nd3+ 10. Bxd3 Qxd3 11. Qe2+ Qxe2+ 12. Nxe2 Bg4 13. O-O O-O-O
14. f3 Bf5 15. b3 Be7 16. Nc3 Bf6 17. Re1 Rd3 18. Kg2 h5 19. h3 g5 20. Re2 g4
21. fxg4 hxg4 22. h4 Bd7 0-1

[Event "Litomysl"]
[Site "?"]
[Date "2018.01.31"]
[Round "5.4"]
[White "Bulockin, Martin"]
[Black "Polansky, Adam Lubos"]
[Result "1/2-1/2"]
[WhiteElo "2120"]
[BlackElo "1864"]
[PlyCount "86"]
[EventDate "2018.??.??"]

1. d4 Nf6 2. Nf3 e6 3. g3 b5 4. Bg2 Bb7 5. O-O c5 6. a4 b4 7. Nbd2 Be7 8. dxc5
Bxc5 9. Nb3 Be7 10. Be3 d6 11. Bd2 a5 12. Nfd4 Bxg2 13. Kxg2 O-O 14. Nb5 Nc6
15. N3d4 Nxd4 16. Nxd4 Rc8 17. f3 Qc7 18. Rc1 Nd7 19. c3 bxc3 20. Bxc3 Qb6 21.
Nb3 Ra8 22. e4 Rfd8 23. Qd4 Bf6 24. Qxb6 Nxb6 25. Bxf6 gxf6 26. Nd4 Nxa4 27. b3
Nc5 28. Nc6 Rd7 29. Rc3 Rc7 30. Nd4 Rb7 31. Ra1 Rb4 32. Rc4 Rb6 33. b4 Nb7 34.
bxa5 Rxa5 35. Rxa5 Nxa5 36. Rc8+ Kg7 37. Rc7 Kg6 38. Kh3 Nb3 39. Ne2 e5 40. Nc3
Nd4 41. Nd5 Rb3 42. f4 Kg7 43. Kg4 Ne6 1/2-1/2

[Event "Litomysl"]
[Site "?"]
[Date "2018.01.31"]
[Round "5.5"]
[White "Skalsky, Alexandr"]
[Black "Broz, Petr"]
[Result "1-0"]
[WhiteElo "2029"]
[BlackElo "1754"]
[PlyCount "63"]
[EventDate "2018.??.??"]

1. e4 e5 2. Nf3 Nf6 3. Nxe5 d6 4. Nf3 Nxe4 5. Nc3 Nxc3 6. dxc3 Be7 7. Be3 Nc6
8. Qd2 Be6 9. O-O-O O-O 10. h4 Ne5 11. Ng5 Qd7 12. b3 a5 13. Bd4 Rfd8 14. f4
Ng4 15. Nxe6 fxe6 16. Be2 Nf6 17. Bf3 c5 18. Bf2 b5 19. Bxa8 Rxa8 20. Rhe1 b4
21. c4 a4 22. Bxc5 axb3 23. cxb3 Ra6 24. Bxb4 Qa7 25. Qe3 Qa8 26. Qxe6+ Kh8 27.
Qxe7 Rxa2 28. Rd2 Ra1+ 29. Kc2 Ra2+ 30. Kc3 Ra7 31. Qxd6 Ng8 32. Rde2 1-0

[Event "Litomysl"]
[Site "?"]
[Date "2018.01.31"]
[Round "5.6"]
[White "Kures, Michael"]
[Black "Sprenar, Petr"]
[Result "0-1"]
[WhiteElo "1986"]
[BlackElo "2106"]
[PlyCount "108"]
[EventDate "2018.??.??"]

1. d4 Nf6 2. c4 e6 3. Nf3 d5 4. g3 dxc4 5. Bg2 Bd7 6. Ne5 Bc6 7. Nxc6 Nxc6 8.
O-O Qd7 9. e3 O-O-O 10. Nd2 e5 11. dxe5 Nxe5 12. Qc2 Qd3 13. Qa4 Kb8 14. Qb5
Nd5 15. Be4 a6 16. Qa4 Nb6 17. Bxd3 Nxa4 18. Bxc4 Rxd2 19. Bxd2 Nf3+ 20. Kg2
Nxd2 21. Rfc1 Nxc4 22. Rxc4 Nb6 23. Rf4 f6 24. Rg4 g6 25. Rd1 Bd6 26. Rgd4 Kc8
27. b3 Be5 28. R4d3 c6 29. e4 Bc7 30. f4 Rd8 31. Kf3 Rxd3+ 32. Rxd3 Nd7 33. h4
b5 34. g4 g5 35. hxg5 fxg5 36. Rc3 gxf4 37. g5 c5 38. Kg4 Be5 39. Rh3 c4 40.
Kf5 c3 41. Rxh7 c2 42. Rh1 Bb2 43. g6 Nf6 44. g7 Ng8 45. Rh8 c1=Q 46. Rxg8+ Kb7
47. Rb8+ Kxb8 48. g8=Q+ Qc8+ 49. Qxc8+ Kxc8 50. Kxf4 Kd7 51. a4 Ke6 52. axb5
axb5 53. Ke3 Ke5 54. Kd3 Bd4 0-1

[Event "Litomysl"]
[Site "?"]
[Date "2018.01.31"]
[Round "5.7"]
[White "Nehyba, Martin"]
[Black "Szotkowski, David"]
[Result "1-0"]
[WhiteElo "2003"]
[BlackElo "1913"]
[PlyCount "65"]
[EventDate "2018.??.??"]

1. e4 c5 2. c3 d5 3. exd5 Qxd5 4. d4 Nf6 5. Nf3 Bg4 6. dxc5 Qxd1+ 7. Kxd1 Nbd7
8. b4 O-O-O 9. Nbd2 Ne5 10. Kc2 Bf5+ 11. Kb3 Nfg4 12. Nxe5 Nxe5 13. Nc4 Be6 14.
Bf4 Nd3 15. Bxd3 Rxd3 16. Rad1 Rxd1 17. Rxd1 g6 18. Be5 f6 19. Bg3 Bh6 20. Re1
Kd7 21. b5 Rc8 22. Kb4 Bxc4 23. Kxc4 e5 24. Rd1+ Ke6 25. Rd6+ Kf5 26. Rd7 Bf8
27. Rxb7 Bxc5 28. Kb3 h5 29. a4 Ke6 30. a5 g5 31. h4 Rd8 32. Rc7 Kd6 33. Rc6+
1-0

[Event "Litomysl"]
[Site "?"]
[Date "2018.01.31"]
[Round "5.8"]
[White "Gnojek, Petr"]
[Black "Jares, Michal"]
[Result "1-0"]
[WhiteElo "2018"]
[BlackElo "1802"]
[PlyCount "81"]
[EventDate "2018.??.??"]

1. d4 Nf6 2. c4 d6 3. Nc3 g6 4. e4 Bg7 5. f3 O-O 6. Be3 e5 7. d5 a5 8. Qd2 Na6
9. O-O-O Nc5 10. g4 Ne8 11. h4 f5 12. Bg5 Bf6 13. Bh6 Bxh4 14. g5 Bg3 15. Nge2
Bf2 16. Bxf8 Kxf8 17. Rh2 Bd4 18. Nxd4 exd4 19. Qxd4 Qxg5+ 20. Kb1 h5 21. e5 f4
22. e6 Qf6 23. Qxf6+ Nxf6 24. Nb5 Bxe6 25. dxe6 Nxe6 26. Bd3 Kf7 27. Rg1 Rg8
28. Rhg2 g5 29. Bf5 g4 30. fxg4 f3 31. Bxe6+ Kxe6 32. Nd4+ Ke5 33. Nxf3+ Kf4
34. g5 Ng4 35. Nd4 Rg6 36. Rf1+ Ke4 37. Nf5 Rxg5 38. Ng3+ Kd3 39. Nxh5 Rxh5 40.
Rxg4 Rh2 41. Rc1 1-0

[Event "Litomysl"]
[Site "?"]
[Date "2018.01.31"]
[Round "5.9"]
[White "Kusa, Jakub"]
[Black "Vojta, Jakub"]
[Result "1/2-1/2"]
[WhiteElo "1825"]
[BlackElo "2087"]
[PlyCount "124"]
[EventDate "2018.??.??"]

1. e4 Nf6 2. e5 Nd5 3. d4 d6 4. Nf3 Bg4 5. Be2 e6 6. O-O Be7 7. c4 Nb6 8. Nc3
O-O 9. Be3 Nc6 10. exd6 cxd6 11. d5 Bxf3 12. Bxf3 Ne5 13. b3 Nxf3+ 14. Qxf3 e5
15. Qe2 f5 16. f4 e4 17. Nb5 Bf6 18. Nd4 Bxd4 19. Bxd4 Nd7 20. Qe3 b6 21. Rac1
a5 22. a4 Nc5 23. Rc3 Rb8 24. g3 h6 25. h4 Rb7 26. Kg2 Qe8 27. Rh1 Qh5 28. Rc2
Re8 29. Rc3 Rbe7 30. Rc2 Rb8 31. Rc3 Reb7 32. Rc2 Kf7 33. Rc3 Nd7 34. Rc2 Nf6
35. Bxf6 gxf6 36. Qe2 Qg6 37. Rc3 h5 38. Qe3 Kg7 39. Re1 Kh6 40. Kh2 Rg7 41.
Re2 Qf7 42. Rg2 Rg4 43. Rcc2 Qc7 44. Qd4 Rf8 45. Qe3 Rfg8 46. Qd4 R8g6 47. Qe3
Qg7 48. Rcd2 Qc7 49. Rc2 Kg7 50. Rce2 Kf7 51. Rc2 Ke7 52. Rce2 Kd7 53. Rc2 Qa7
54. Rce2 Qc7 55. Rc2 Qc5 56. Qxc5 bxc5 57. Rc3 Rg8 58. Re2 Kc7 59. Ree3 Kd7 60.
Kh3 Rb8 61. Kg2 Rbg8 62. Kh2 Re8 1/2-1/2

[Event "Litomysl"]
[Site "?"]
[Date "2018.01.31"]
[Round "5.10"]
[White "Jun, Rudolf"]
[Black "Hofman, Krystof"]
[Result "1-0"]
[WhiteElo "1947"]
[BlackElo "1765"]
[PlyCount "133"]
[EventDate "2018.??.??"]

1. e4 c5 2. c4 e6 3. Nf3 d6 4. Nc3 Nf6 5. d4 cxd4 6. Nxd4 Be7 7. Be2 a6 8. Be3
O-O 9. O-O Nbd7 10. f3 Qc7 11. Rc1 b6 12. Qd2 Bb7 13. a3 Rac8 14. b4 Qb8 15.
Kh1 Rfd8 16. Nb3 Bc6 17. a4 Ne5 18. Qa2 d5 19. exd5 exd5 20. c5 b5 21. axb5
axb5 22. Bf4 d4 23. Ne4 Nd5 24. Bg3 Ne3 25. Rfe1 Nf5 26. Bf4 h6 27. Bf1 Rd5 28.
Rcd1 g5 29. Bxe5 Rxe5 30. Nxd4 Nxd4 31. Rxd4 g4 32. f4 Re6 33. Qf2 Qb7 34. Nd6
Bxd6 35. Rxe6 fxe6 36. Rxd6 Ra8 37. Rxe6 Bd5 38. Re1 Ra2 39. Be2 h5 40. Kg1 Rb2
41. Qh4 Qf7 42. Qg5+ Kf8 43. Qe5 Rxb4 44. Qh8+ Qg8 45. Qh6+ Qg7 46. Qd6+ Qe7
47. Qxe7+ Kxe7 48. Bc4+ Kd7 49. Bxd5 Rxf4 50. c6+ Kd6 51. Rc1 Rf8 52. c7 Rc8
53. Bf7 h4 54. g3 Rxc7 55. Rxc7 Kxc7 56. Kf2 Kd6 57. Ke3 Ke5 58. Bh5 Kf5 59.
Kd4 b4 60. Bf7 Kf6 61. Bc4 Kf5 62. Kd5 Kg5 63. Ke4 Kg6 64. Kf4 Kh5 65. Kf5 Kh6
66. Kxg4 hxg3 67. hxg3 1-0

[Event "Litomysl"]
[Site "?"]
[Date "2018.01.31"]
[Round "5.11"]
[White "Babula, Vlastimil"]
[Black "Nguyen, Thai Dai Vinh"]
[Result "1/2-1/2"]
[WhiteElo "1836"]
[BlackElo "1869"]
[PlyCount "122"]
[EventDate "2018.??.??"]

1. e4 c5 2. Nf3 e6 3. d4 cxd4 4. Nxd4 Nc6 5. Nc3 Qc7 6. f4 a6 7. Nxc6 bxc6 8.
Bd3 Bc5 9. Qg4 Kf8 10. Bd2 Nf6 11. Qf3 Bb4 12. O-O Bb7 13. Kh1 c5 14. Qe3 c4
15. e5 Bxc3 16. exf6 Bxd2 17. fxg7+ Kxg7 18. Qd4+ f6 19. Bxc4 Ba5 20. f5 e5 21.
Qg4+ Kf8 22. Rad1 Rd8 23. Bd5 Bxd5 24. Rxd5 Bb6 25. Qh4 Qc6 26. Rfd1 Bd4 27.
Qe4 Rg8 28. c3 Bc5 29. Qc4 d6 30. b4 Qa4 31. Qh4 Qxa2 32. Qxf6+ Ke8 33. R5d2
Qf7 34. Qxf7+ Kxf7 35. bxc5 Rg5 36. Rxd6 Rxd6 37. cxd6 Ke8 38. c4 Rxf5 39. Kg1
e4 40. Rd4 Kd7 41. h3 e3 42. Re4 Kxd6 43. Rxe3 Kc5 44. Ra3 Rf6 45. Ra4 Kb6 46.
Kh2 a5 47. Kg3 Rf1 48. Kg4 Rb1 49. Kg5 Rb4 50. c5+ Kb5 51. Ra2 a4 52. g4 Kxc5
53. Kh6 Rb3 54. h4 a3 55. g5 Rh3 56. h5 Kb4 57. Kxh7 Rxh5+ 58. Kg6 Rh1 59. Kf7
Kb3 60. Rxa3+ Kxa3 61. g6 Rg1 1/2-1/2

[Event "Litomysl"]
[Site "?"]
[Date "2018.01.31"]
[Round "5.12"]
[White "Hak, David"]
[Black "Keprt, Tomas"]
[Result "1/2-1/2"]
[WhiteElo "1889"]
[BlackElo "1900"]
[PlyCount "66"]
[EventDate "2018.??.??"]

1. d4 d5 2. c4 c6 3. Nf3 Nf6 4. Nc3 e6 5. e3 Nbd7 6. Bd3 dxc4 7. Bxc4 b5 8. Bd3
a6 9. O-O c5 10. b3 Be7 11. Bb2 Bb7 12. Rc1 Rc8 13. Qe2 Nb6 14. Rfd1 c4 15.
bxc4 Nxc4 16. Bxc4 Rxc4 17. Ne5 Rc8 18. Nxb5 O-O 19. Rxc8 Qxc8 20. Nc3 Qc7 21.
Ng4 Nxg4 22. Qxg4 Qb6 23. Ba1 Bf6 24. Ne4 Bxe4 25. Qxe4 Qa5 26. Qc2 Rd8 27. h3
h6 28. Qb3 Rd5 29. Bc3 Qc7 30. a4 Qc6 31. e4 Rd8 32. f3 Qc7 33. Ba1 Qa7 1/2-1/2

[Event "Litomysl"]
[Site "?"]
[Date "2018.01.31"]
[Round "5.13"]
[White "Flajsman, Petr"]
[Black "Stastny, Jakub"]
[Result "1/2-1/2"]
[WhiteElo "1667"]
[BlackElo "1752"]
[PlyCount "101"]
[EventDate "2018.??.??"]

1. Nf3 d5 2. g3 Nf6 3. Bg2 c6 4. O-O Bf5 5. d3 e6 6. Nbd2 h6 7. c4 Be7 8. a3 a5
9. Re1 O-O 10. Qb3 Qc7 11. Nb1 Nbd7 12. cxd5 exd5 13. Nc3 Nc5 14. Qd1 a4 15.
Nd4 Bh7 16. b4 axb3 17. Nxb3 Ne6 18. Bb2 Rfd8 19. Rc1 Qb6 20. a4 Bb4 21. a5
Bxa5 22. Nxa5 Qxb2 23. Qb3 Qd2 24. Rcd1 Qg5 25. Ra1 d4 26. Nxb7 Rxa1 27. Rxa1
Rb8 28. Na4 Nd8 29. Nac5 Nd7 30. Qc2 Rxb7 31. Nxb7 Nxb7 32. Bxc6 Nbc5 33. h4
Qe5 34. Bxd7 Nxd7 35. Ra8+ Nf8 36. Qc8 Qd6 37. Qd8 Qc5 38. Qc8 Qb4 39. Qb8 Qxb8
40. Rxb8 g5 41. hxg5 hxg5 42. Rd8 Kg7 43. Rxd4 Ne6 44. Rb4 Kf6 45. Kg2 Ke5 46.
f4+ gxf4 47. gxf4+ Nxf4+ 48. Kf3 Ne6 49. Ke3 Bg6 50. Rb5+ Kd6 51. Ra5 1/2-1/2

[Event "Litomysl"]
[Site "?"]
[Date "2018.01.31"]
[Round "5.14"]
[White "Kolar, Jan"]
[Black "Rokos, Filip"]
[Result "1-0"]
[WhiteElo "1694"]
[BlackElo "1843"]
[PlyCount "83"]
[EventDate "2018.??.??"]

1. e4 e5 2. Nf3 Nc6 3. Bb5 a6 4. Ba4 d6 5. d4 Bd7 6. Nc3 Nge7 7. O-O g6 8. Bg5
Bg7 9. Nd5 b5 10. Bb3 h6 11. Bf6 O-O 12. dxe5 dxe5 13. Nxe5 Nxe5 14. Bxe7 Qb8
15. Bxf8 Kxf8 16. f4 Ng4 17. h3 Qa7+ 18. Kh1 Nf2+ 19. Rxf2 Qxf2 20. Nxc7 Qxf4
21. Nxa8 Be5 22. Qg1 Qg3 23. Rf1 Bxh3 24. Rxf7+ Ke8 25. Nc7+ Bxc7 26. Rxc7
Bxg2+ 27. Qxg2 Qh4+ 28. Kg1 Qe1+ 29. Qf1 Qg3+ 30. Kh1 Qxc7 31. Qf6 Qg3 32. Bf7+
Kd7 33. Be6+ Kc7 34. Qc3+ Qxc3 35. bxc3 Kd6 36. Bd5 Kc5 37. Kg2 Kd6 38. Kf3 Ke5
39. Bb7 a5 40. Ba6 b4 41. c4 a4 42. c5 1-0

[Event "Litomysl"]
[Site "?"]
[Date "2018.01.31"]
[Round "5.15"]
[White "Lorencova, Michaela"]
[Black "Nemcova, Karin"]
[Result "1/2-1/2"]
[WhiteElo "1439"]
[BlackElo "2068"]
[PlyCount "58"]
[EventDate "2018.??.??"]

1. e4 c5 2. Nf3 e6 3. d4 cxd4 4. Nxd4 Nc6 5. Nxc6 bxc6 6. Bd3 Nf6 7. Qe2 d5 8.
O-O Be7 9. Bd2 O-O 10. Kh1 Nd7 11. f4 Nc5 12. Nc3 Rb8 13. b3 Nxd3 14. Qxd3 dxe4
15. Nxe4 Qxd3 16. cxd3 Ba6 17. Rf3 Rfd8 18. Nf2 Rd5 19. Rd1 Rbd8 20. Be3 Bc5
21. Rd2 h6 22. Bxc5 Rxc5 23. h3 Rd4 24. Ne4 Rcd5 25. Nf2 e5 26. fxe5 Rxe5 27.
Kh2 Red5 28. Kg1 f6 29. Kf1 Kf7 1/2-1/2

[Event "Litomysl"]
[Site "?"]
[Date "2018.01.31"]
[Round "5.16"]
[White "Vilimova, Julie"]
[Black "Richterova, Julie"]
[Result "1/2-1/2"]
[WhiteElo "1708"]
[BlackElo "1908"]
[PlyCount "129"]
[EventDate "2018.??.??"]

1. d4 d5 2. Nf3 Nf6 3. c4 dxc4 4. Qc2 a6 5. a4 c6 6. a5 Qc7 7. e4 e6 8. Bxc4
Be7 9. O-O O-O 10. Bd3 h6 11. h3 c5 12. Be3 Nc6 13. Qd2 cxd4 14. Nxd4 e5 15.
Nxc6 Qxc6 16. Rc1 Qd7 17. Nc3 Bb4 18. Qc2 Qe7 19. Na4 Be6 20. Nb6 Rad8 21. Ra4
Nd7 22. Nc4 Bc5 23. Raa1 Bxc4 24. Bxc5 Nxc5 25. Bxc4 Rc8 26. Bd5 Qd7 27. Qe2
Ne6 28. Bxe6 Qxe6 29. Rxc8 Rxc8 30. Qd3 Qc6 31. Rd1 Qc2 32. b4 Qxd3 33. Rxd3
Rc4 34. b5 axb5 35. Rd5 Rb4 36. Rxe5 Kf8 37. f3 Rb2 38. Rc5 b4 39. Rb5 b3 40.
Rxb7 Rb1+ 41. Kh2 b2 42. a6 Ra1 43. a7 Rxa7 44. Rxb2 f6 45. h4 Ra5 46. g4 g5
47. hxg5 hxg5 48. Rb7 Rc5 49. Kg3 Re5 50. Kf2 Rc5 51. Rd7 Re5 52. Rd5 Re6 53.
Ke3 Ra6 54. Rd3 Ra5 55. f4 Kf7 56. fxg5 Rxg5 57. Kf4 Ke6 58. Ra3 Re5 59. Ra6+
Kf7 60. Rd6 Ra5 61. Rd5 Ra1 62. Rf5 Rf1+ 63. Ke3 Re1+ 64. Kf3 Kg6 65. Kf4
1/2-1/2

[Event "Litomysl"]
[Site "?"]
[Date "2018.01.31"]
[Round "5.17"]
[White "Trasakova, Adela"]
[Black "Gresova, Zuzana"]
[Result "0-1"]
[WhiteElo "1462"]
[BlackElo "1860"]
[PlyCount "104"]
[EventDate "2018.??.??"]

1. d4 d5 2. Nf3 Nf6 3. Bf4 e6 4. e3 c5 5. c3 Be7 6. h3 Nc6 7. Nbd2 O-O 8. Bd3
b6 9. O-O Bb7 10. Rc1 h6 11. Re1 Bd6 12. Bxd6 Qxd6 13. dxc5 bxc5 14. e4 Nd7 15.
exd5 exd5 16. c4 Nce5 17. Nxe5 Nxe5 18. Bb1 d4 19. Be4 Bxe4 20. Nxe4 Qc7 21.
Qc2 Rab8 22. b3 Rb6 23. Qe2 Re6 24. Qd2 Rfe8 25. Ng3 Qe7 26. Rf1 Qf6 27. Ne4
Qg6 28. Ng3 h5 29. Kh2 h4 30. Ne2 Nd3 31. Nf4 Nxf4 32. Qxf4 Qh5 33. Qg4 Qe5+
34. Kg1 Qf6 35. Rc2 Re4 36. Qd1 R8e6 37. Rd2 Qg5 38. Qc2 Qe5 39. Qd1 Qf4 40.
Qc1 Qf5 41. Qd1 R6e5 42. Qc2 Qf4 43. Qd1 Qg5 44. Qc2 Re6 45. Qd3 Qe5 46. Qc2
Rg6 47. Qd3 f5 48. Qc2 Qf4 49. Qd3 Qg5 50. f3 Re3 51. Qc2 Rge6 52. Qd1 Qg3 0-1

[Event "Litomysl"]
[Site "?"]
[Date "2018.01.31"]
[Round "5.18"]
[White "Maresova, Michaela"]
[Black "Gregurkova, Nikola"]
[Result "0-1"]
[WhiteElo "1186"]
[BlackElo "1625"]
[PlyCount "58"]
[EventDate "2018.??.??"]

1. e4 e5 2. d4 exd4 3. Nf3 Nc6 4. Bc4 Nf6 5. O-O Nxe4 6. Re1 d5 7. Bxd5 Qxd5 8.
Nc3 Qh5 9. Nxe4 Be6 10. Neg5 O-O-O 11. Nxe6 fxe6 12. Rxe6 Bd6 13. Qd3 Rhf8 14.
h3 Rf6 15. Rxf6 gxf6 16. Bd2 Rg8 17. Ne1 Qe5 18. Nf3 Qh5 19. Ne1 Be5 20. Qf3
Qxf3 21. Nxf3 Kd7 22. Nxe5+ fxe5 23. g3 Kd6 24. Kf1 Kd5 25. Ke2 Rf8 26. f3 Re8
27. Kd3 e4+ 28. fxe4+ Rxe4 29. Re1 Ne5# 0-1